[Event "Under 1300 knightworm78 Invitational #10"]
[Site "SchemingMind.com"]
[Date "2020.06.01"]
[Round "-"]
[White "Shanks"]
[Black "nammy"]
[Result "1-0"]
[WhiteCountry "ENG"]
[BlackCountry "ENG"]
[WhiteElo "1225"]
[WhiteRD "57"]
[BlackElo "806"]
[BlackRD "70"]
[GameID "455764"]

1. c4 c6 2. e3 e5 3. e4 f6 4. a3 d6 5. d3 Ne7 6. Nc3 Nd7 7. Qh5+ g6 8. Qd1 b6 9. Nf3 Ba6 10. Be2 h6
11. O-O Qc7 12. b4 f5 13. exf5 Nxf5 14. Ne4 Be7 15. g4 Ng7 16. h3 b5 17. c5 d5 18. Ng3 O-O-O 19. a4 Ne6 20. a5 Nf6
21. Nh4 Rhg8 22. Bxh6 Nd7 23. Bd2 Bxh4 24. Nh1 e4 25. dxe4 dxe4 26. Be3 Rgf8 27. Qe1 Ne5 28. Rc1 Kb8 29. Bh6 Rh8 30. Be3 Bc8
31. Ng3 Rhf8 32. Nxe4 Qf7 33. Nd6 Qg7 34. Nxc8 Rxc8 35. a6 g5 36. Kh1 Qd7 37. Qc3 Qc7 38. f3 Rce8 39. Bd1 Qg7 40. Bc2 Qf7
41. Qxe5+ Nc7 42. Qc3 Nxa6 43. Bf5 Qc7 44. Bg1 Ka8 45. Qa3 Qg3 46. Qxa6 Qxh3+ 47. Bh2 Re2 48. Qxc6#
1-0

[Event "Under 1300 knightworm78 Invitational #10"]
[Site "SchemingMind.com"]
[Date "2020.05.31"]
[Round "-"]
[White "Shanks"]
[Black "Martin E. Hardwick"]
[Result "1-0"]
[WhiteCountry "ENG"]
[BlackCountry "ENG"]
[WhiteElo "1250"]
[WhiteRD "57"]
[BlackElo "1257"]
[BlackRD "72"]
[GameID "455765"]

1. Nf3 Nf6 2. d4 d5 3. Nc3 Nc6 4. g3 Bg4 5. Bg2 e6 6. a3 Be7 7. O-O h6 8. Ne5 Nxe5 9. dxe5 Ne4 10. Nxe4 dxe4
11. Qe1 O-O 12. b3 Qd4 13. Bf4 Rfd8 14. c3 Qd7 15. Bxe4 Bf5 16. Bxb7 Rab8 17. Bg2 Rxb3 18. c4 Bxa3 19. c5 Bb4 20. Qc1 Rc3
21. Qb2 Qb5 22. e4 Bg6 23. Rxa7 Qxc5 24. Raa1 Rc2 25. Qb1 Rdd2 26. Bxd2 Rxd2 27. Qb3 Qc3 28. Ra8+ Kh7 29. Qa4 Qa3 30. Qxa3 Bxa3=
31. Rxa3 c5 32. Rc3 f6 33. Rxc5 f5 34. exf5 Bxf5 35. f4 Rb2 36. Rc3 Rb1 37. Rxb1 Bxb1 38. h4 g6 39. Rc7+ Kg8 40. Rc8+ Kf7
41. Rc7+ Kg8 42. Re7 Ba2 43. Kf2
1-0

[Event "Under 1300 knightworm78 Invitational #10"]
[Site "SchemingMind.com"]
[Date "2020.05.31"]
[Round "-"]
[White "Arthur Wilding"]
[Black "Shanks"]
[Result "0-1"]
[WhiteCountry "WLS"]
[BlackCountry "ENG"]
[WhiteElo "1173"]
[WhiteRD "69"]
[BlackElo "1250"]
[BlackRD "57"]
[GameID "455766"]

1. d4 d5 2. e3 c6 3. Nf3 Nd7 4. Nc3 e6 5. Be2 h6 6. O-O Ne7 7. Bd3 c5 8. Re1 c4 9. Bd2 cxd3 10. cxd3 Nf6
11. a3 g5 12. Ne5 Bg7 13. b4 a6 14. Ne2 b5 15. Kh1 O-O 16. a4 Bb7 17. Nc1 Nf5 18. axb5 axb5 19. Nb3 Rb8 20. Qe2 Nh4
21. Ng4 Nxg4 22. Qxg4 Ng6 23. Nc5 Bc6 24. Ra6 Be8 25. Qd1 Qf6 26. Kg1 h5 27. Qc2 h4 28. Rea1 g4 29. R1a3 g3 30. Be1 gxh2+
31. Kh1 h3 32. g3 Qf3+ 33. Kxh2 Qg2#
0-1

[Event "Under 1300 knightworm78 Invitational #10"]
[Site "SchemingMind.com"]
[Date "2020.05.31"]
[Round "-"]
[White "Chessibelle"]
[Black "Shanks"]
[Result "1-0"]
[WhiteCountry "ENG"]
[BlackCountry "ENG"]
[WhiteElo "1078"]
[WhiteRD "51"]
[BlackElo "1250"]
[BlackRD "57"]
[GameID "455767"]

1. e4 e6 2. b3 a6 3. d3 Nc6 4. a3 e5 5. Nf3 d6 6. Bg5 f6 7. Be3 Nge7 8. g3 f5 9. Be2 f4 10. gxf4 exf4
11. Bd2 Ng6 12. c4 Be7 13. Qc2 O-O 14. Bc1 Kh8 15. Bb2 Nb8 16. Qc3 Nd7 17. Qxg7#
1-0

[Event "Under 1300 knightworm78 Invitational #10"]
[Site "SchemingMind.com"]
[Date "2020.05.31"]
[Round "-"]
[White "wight knight"]
[Black "Shanks"]
[Result "1-0"]
[WhiteCountry "ENG"]
[BlackCountry "ENG"]
[WhiteElo "1313"]
[WhiteRD "54"]
[BlackElo "1250"]
[BlackRD "57"]
[GameID "455768"]

1. e4 c5 2. Bc4 e6 3. f4 Qh4+ 4. g3 Qd8 5. f5 e5 6. h4 Nf6 7. d3 h5 8. Bg5 Qa5+ 9. Bd2 Qb6 10. Bc3 Ng4
11. Qd2 d6 12. b3 Nc6 13. a4 Bd7 14. a5 Qc7 15. Bd5 a6 16. Nf3 Ne7 17. Ng5 Nxd5 18. exd5 Bxf5 19. Na3 g6 20. Nc4 Bg7
21. O-O-O O-O 22. Ne3 Nxe3 23. Qxe3 Bg4 24. Nf3 Rae8 25. Rdf1 b6 26. axb6 Qxb6 27. Ng5 Qa7 28. Qf2 f5 29. Ne6 Bh6+ 30. Bd2 Bxd2+
31. Qxd2 Rf7 32. Qh6 Rh7 33. Qxg6+ Rg7 34. Nxg7 Re7 35. Nxf5+ Rg7 36. Nh6+ Kh8 37. Rf8+ Rg8 38. Qxg8#
1-0

[Event "Under 1300 knightworm78 Invitational #10"]
[Site "SchemingMind.com"]
[Date "2020.05.30"]
[Round "-"]
[White "Martin E. Hardwick"]
[Black "nammy"]
[Result "1-0"]
[WhiteCountry "ENG"]
[BlackCountry "ENG"]
[WhiteElo "1239"]
[WhiteRD "73"]
[BlackElo "806"]
[BlackRD "70"]
[GameID "455772"]

1. d4 d5 2. Nf3 f6 3. h3 Nd7 4. Nc3 e6 5. a3 c6 6. e3 g6 7. Be2 Nb6 8. O-O Bd7 9. Re1 Bh6 10. Bd3 Ne7
11. e4 Qc7 12. exd5 exd5 13. Bxh6 Kd8 14. Qe2 Re8 15. Rad1 Ng8 16. Qd2 Rf8 17. Bxf8 Kc8 18. Bb4 h6 19. Re7 Nxe7 20. Qxh6 f5
21. Bxe7 Be6 22. Qf8+ Kd7 23. Ne5+ Qxe5 24. dxe5 Nc8 25. Qd8#
1-0

[Event "Under 1300 knightworm78 Invitational #10"]
[Site "SchemingMind.com"]
[Date "2020.05.30"]
[Round "-"]
[White "Chessibelle"]
[Black "Martin E. Hardwick"]
[Result "1-0"]
[WhiteCountry "ENG"]
[BlackCountry "ENG"]
[WhiteElo "1078"]
[WhiteRD "51"]
[BlackElo "1257"]
[BlackRD "72"]
[GameID "455773"]

1. e4 e5 2. Nf3 Nc6 3. Nc3 Nf6 4. Be2 Bc5 5. h3 d6 6. O-O Bd7 7. d3 h6 8. Bd2 O-O 9. Nh2 Qc8 10. Bf3 Nd4
11. a3 Nxf3+ 12. Qxf3 Bc6 13. Qg3 Nh5 14. Qf3 Nf4 15. Ne2 Nxh3+ 16. gxh3 Bd7 17. Ng3 Bxh3 18. Rfe1 Be6 19. Qg2 Rd8 20. Nf5 Bxf5
21. Bxh6 g6 22. Qg3 Bh3 23. Qf3 Re8 24. Qf6 Kh7 25. Qg7#
1-0

[Event "Under 1300 knightworm78 Invitational #10"]
[Site "SchemingMind.com"]
[Date "2020.05.31"]
[Round "-"]
[White "wight knight"]
[Black "Martin E. Hardwick"]
[Result "1/2-1/2"]
[WhiteCountry "ENG"]
[BlackCountry "ENG"]
[WhiteElo "1313"]
[WhiteRD "54"]
[BlackElo "1257"]
[BlackRD "72"]
[GameID "455774"]

1. e4 e5 2. Bc4 Bc5 3. Qf3 Qf6 4. Qxf6 Nxf6 5. f3 O-O 6. b3 Nc6 7. c3 a6 8. Ba3 Bxa3 9. Nxa3 Rd8 10. O-O-O d5
11. exd5 Nxd5 12. Bxd5 Rxd5 13. Nh3 Bxh3 14. gxh3 Rad8 15. Rhg1 g6 16. h4 e4 17. fxe4 Re5 18. Rg4 Rde8 19. Nc4 Rxe4 20. Rxe4 Rxe4=
1/2-1/2

[Event "Under 1300 knightworm78 Invitational #10"]
[Site "SchemingMind.com"]
[Date "2020.05.30"]
[Round "-"]
[White "nammy"]
[Black "Arthur Wilding"]
[Result "0-1"]
[WhiteCountry "ENG"]
[BlackCountry "WLS"]
[WhiteElo "806"]
[WhiteRD "70"]
[BlackElo "1177"]
[BlackRD "68"]
[GameID "455776"]

1. d4 d5 2. e3 c6 3. Bd3 Nf6 4. f3 Be6 5. Bd2 Qb6 6. c3 Qxb2 7. Na3 Qxa3 8. Ne2 Qd6 9. f4 Bg4 10. Qc2 Bxe2
11. Bxe2 Nbd7 12. g4 O-O-O 13. a4 h5 14. g5 Ne4 15. Bc1 Qe6 16. Qb2 Qh3 17. a5 Qh4+ 18. Kd1 Nf2+ 19. Kc2 Nxh1 20. Bf3 Qf2+
21. Bd2 Qxf3 22. Rb1 b6 23. Ra1 Qe4+ 24. Kb3 b5 25. Qa3 e6 26. Qa2 Nf2 27. Be1 Nd3 28. h4 Nxe1 29. Rxe1 c5 30. a6 c4+
31. Kb2 Qg2+ 32. Ka1 Qxa2+ 33. Kxa2 g6 34. Rb1 Nb6 35. Rxb5 Bg7 36. e4 dxe4 37. Rc5+ Kb8 38. Ra5 Nd5 39. Rb5+ Ka8 40. Rc5 Nxf4
41. Rc7 Ne2 42. Rxf7 Rhg8 43. Rf2 Nc1+ 44. Kb1 Nd3 45. Ra2 Nf4 46. Ra4 Ng2 47. Rxc4 Nxh4 48. Rc6 Rde8 49. c4 e3 50. d5 e2
51. dxe6 e1=Q+ 52. Kc2 Qe4+ 53. Kb3 Rxe6 54. Rc7 Qe3+ 55. Kb4 Rb8+ 56. Ka5 Qa3#
0-1

[Event "Under 1300 knightworm78 Invitational #10"]
[Site "SchemingMind.com"]
[Date "2020.05.30"]
[Round "-"]
[White "Martin E. Hardwick"]
[Black "Arthur Wilding"]
[Result "1-0"]
[WhiteCountry "ENG"]
[BlackCountry "WLS"]
[WhiteElo "1257"]
[WhiteRD "72"]
[BlackElo "1173"]
[BlackRD "69"]
[GameID "455777"]

1. d4 d5 2. Nf3 Nf6 3. Nc3 Nc6 4. Bf4 Be6 5. e3 Bg4 6. Be2 e6 7. a3 a6 8. O-O Bxf3 9. Bxf3 Be7 10. Re1 O-O
11. e4 dxe4 12. Nxe4 Nxe4 13. Bxe4 Rc8 14. Be3 Bf6 15. Qd3 h6 16. Bh7+ Kh8 17. Be4 Qe7 18. Rad1 Bg5 19. Bxg5 hxg5 20. Re3 Rcd8
21. Rh3+ Kg8 22. Qf3 f6 23. Qh5 Nxd4 24. Qh8+ Kf7 25. Qh5+ g6 26. Qxg6#
1-0

[Event "Under 1300 knightworm78 Invitational #10"]
[Site "SchemingMind.com"]
[Date "2020.05.31"]
[Round "-"]
[White "Arthur Wilding"]
[Black "Chessibelle"]
[Result "1-0"]
[WhiteCountry "WLS"]
[BlackCountry "ENG"]
[WhiteElo "1173"]
[WhiteRD "69"]
[BlackElo "1078"]
[BlackRD "51"]
[GameID "455778"]

1. d4 d5 2. e3 Nf6 3. Nc3 g6 4. Bb5+ Nbd7 5. Nf3 e6 6. Bxd7+ Bxd7 7. Ne5 Bc8 8. O-O Be7 9. a3 O-O 10. b4 b6
11. Bb2 Bb7 12. a4 a5 13. Ne2 Bd6 14. bxa5 bxa5 15. Ba3 Ne4 16. Nd3 Qh4 17. g3 Qg5 18. Bxd6 Nxd6 19. Nc5 Bc8 20. Nd3 f6
21. Qd2 Ne4 22. Qe1 e5 23. Rb1 h5 24. Nc5 c6 25. Nxe4 dxe4 26. Qd1 Bh3 27. Re1 Bg4 28. dxe5 Qxe5 29. Qd2 Qf5 30. Qc3 Rac8
31. Nd4 Qe5 32. Rb3 Qd6 33. Rb6 Bd7 34. Qxa5 Qe7 35. Reb1 c5 36. Nb5 Qe5 37. Qc3 Qf5 38. Nd6 Qh3 39. Nxc8 Bg4 40. f4 h4
41. Qd2 hxg3 42. Qg2 Qh5 43. h4 Qxh4 44. Ne7+ Kg7 45. Qh1 Bh3 46. Rb7 Rh8 47. Nf5+
1-0

[Event "Under 1300 knightworm78 Invitational #10"]
[Site "SchemingMind.com"]
[Date "2020.05.31"]
[Round "-"]
[White "Arthur Wilding"]
[Black "wight knight"]
[Result "0-1"]
[WhiteCountry "WLS"]
[BlackCountry "ENG"]
[WhiteElo "1173"]
[WhiteRD "69"]
[BlackElo "1313"]
[BlackRD "54"]
[GameID "455779"]

1. d4 b6 2. e3 Ba6 3. Bxa6 Nxa6 4. Nf3 e6 5. Bd2 Bb4 6. Bxb4 Nxb4 7. a3 Nd5 8. O-O f6 9. Nc3 Nxc3 10. bxc3 Nh6
11. a4 g5 12. Nd2 d5 13. Kh1 g4 14. Re1 g3 15. fxg3 f5 16. Qh5+ Nf7 17. Nf3 Ke7 18. Qh4+ Ke8 19. Qxd8+ Rxd8 20. Ne5 Nxe5
21. dxe5 a5 22. Red1 c5 23. Rab1 h5 24. Rxb6 Ke7 25. Rb5 c4 26. Rxa5 h4 27. Ra7+ Ke8 28. Ra6 hxg3 29. h3 Rb8 30. Rxe6+ Kf7
31. Rd6 Ra8 32. R6xd5 Rxa4 33. Kg1 Ra3 34. Kf1 Rxc3 35. Rd7+ Kg6 36. R1d6+ Kh5 37. Rf6 Rxe3 38. e6 Kg5 39. Rff7 Rxe6 40. Rc7 Rhe8
41. Rg7+ Kf4 42. Rce7 R6xe7 43. Rxe7 Rxe7 44. h4 Kg4 45. h5 Kxh5 46. c3 f4 47. Kg1 Re1#
0-1

[Event "Under 1300 knightworm78 Invitational #10"]
[Site "SchemingMind.com"]
[Date "2020.05.30"]
[Round "-"]
[White "nammy"]
[Black "Chessibelle"]
[Result "0-1"]
[WhiteCountry "ENG"]
[BlackCountry "ENG"]
[WhiteElo "806"]
[WhiteRD "70"]
[BlackElo "1058"]
[BlackRD "52"]
[GameID "455781"]

1. d4 d5 2. e3 c6 3. h3 g6 4. Nf3 Nf6 5. Bd3 Bg7 6. Nh2 O-O 7. f3 b5 8. Nc3 Qc7 9. Qe2 Nbd7 10. Qf2 e6
11. Nf1 Nb6 12. g4 g5 13. Bd2 Nc4 14. Bc1 h6 15. b3 Qa5 16. bxc4 Qxc3+ 17. Kd1 Qxa1 18. Nh2 Qxa2 19. Qd2 Qa6 20. c3 Qb7
21. Bc2 Qc7 22. Nf1 Nd7 23. Qd3 Nf6 24. e4 dxc4 25. Qe2 Bb7 26. e5 Nd7 27. Qe4 Nf6 28. Qe3 Nd5 29. Qe2 Nxc3+ 30. Ke1 Nxe2
31. Bb2 Nf4 32. h4 Qa5+ 33. Kf2 Qa2 34. Ng3 Qxb2 35. Rh2 Qxc2+ 36. Kg1 Qc3 37. Rf2 Qxd4 38. Nf1 Nh3+ 39. Kg2 Nxf2 40. Ng3 Bxe5
41. Ne2 Nd3 42. Nxd4 Bxd4 43. Kg3 f5 44. f4 c3 45. fxg5 f4+ 46. Kf3 c2 47. gxh6 c1=Q 48. g5 Qd1+ 49. Ke4 Bf2 50. g6 c5#
0-1

[Event "Under 1300 knightworm78 Invitational #10"]
[Site "SchemingMind.com"]
[Date "2020.05.31"]
[Round "-"]
[White "Chessibelle"]
[Black "wight knight"]
[Result "0-1"]
[WhiteCountry "ENG"]
[BlackCountry "ENG"]
[WhiteElo "1078"]
[WhiteRD "51"]
[BlackElo "1313"]
[BlackRD "54"]
[GameID "455782"]

1. e4 e5 2. Nf3 f6 3. Nc3 c6 4. Be2 Bc5 5. d4 exd4 6. Nxd4 Bxd4 7. Qxd4 b5 8. O-O Ba6 9. b4 h5 10. h4 Qb6
11. Qd6 Nh6 12. Qg3 Qd4 13. Bb2 Qxb4 14. Bxh5+ Nf7 15. Rab1 Rxh5 16. Qg4 g6 17. g3 Ne5 18. Qe2 Qf8 19. Rfd1 b4 20. Qd2 bxc3
21. Bxc3 Nf3+ 22. Kg2 Nxd2 23. Rxd2 g5 24. Kh3 Bc4 25. Bb4 Qf7 26. Ba5 g4+ 27. Kg2 Bxa2 28. Rbd1 Rxa5 29. Re2 Kf8 30. c3 Bc4
31. Re3 f5 32. e5 Bd5+ 33. Kf1 Bc4+ 34. Kg2 f4 35. Rde1 fxe3 36. Rxe3 Qd5+
0-1